Pepsi Products Quiz Stats

 Plays Quiz not verified by Sporcle

Challenge
Share
Tweet
Embed
Score 0/11 Timer 03:00
0 Plays Today
Type of Drink Brand / Name of Drink % Correct
Dark ColaPepsi
96.9%
Diet / Low calorieDiet Pepsi, Pepsi Max, Pepsi ONE
91.9%
Lemon Lime Soda7 up, Sierra Mist, Slice
82.8%
Sports DrinkGatorade, Propel
68.8%
Orange SodaTropicana Twister, Slice, Mirinda, Sunkist, Kas, Crush
67.3%
WaterAquafina
56.5%
Iced TeaLipton
54.9%
Root BeerMug Root Beer
53.3%
Citrus SodaMountain Dew
49%
JuicesTropicana, Dole
30.8%
Cherry SodaPepsi Wild Cherry
24.9%

You're not logged in!

Compare scores with friends on all Sporcle quizzes.
OR
Log In

You Might Also Like...

Show Comments

Extras

Created Mar 18, 2010ReportNominate
Tags:brand, category, drink, pepsi, product, under

Top Quizzes Today


Score Distribution

Your Account Isn't Verified!

In order to create a playlist on Sporcle, you need to verify the email address you used during registration. Go to your Sporcle Settings to finish the process.

Report this User

Report this user for behavior that violates our Community Guidelines.

Details: